|
|
|
|
| LEADER |
01149nam a22002777a 4500 |
| 001 |
41197 |
| 003 |
BD-DhAAL |
| 005 |
20230515113909.0 |
| 008 |
230515t2010 ko da||| b||| 00| 0 kor d |
| 020 |
|
|
|a 9788988106709
|
| 020 |
|
|
|a 8988106709
|
| 040 |
|
|
|a BD-DhAAL
|d BD-DhAAL
|
| 082 |
|
|
|a 332.6453
|2 22
|
| 100 |
|
|
|a Weert, Frans de.
|9 54219
|
| 245 |
|
|
|a Exotic options trading /
|c Frans De Weert .
|
| 260 |
|
|
|a Seoul, Korean :
|b Seoul Economy Management Publishing House,
|c 2010.
|
| 300 |
|
|
|a xxii, 256 pages :
|b artwork, diagram ;
|c 23 cm.
|
| 490 |
|
|
|a Wiley finance series.
|
| 504 |
|
|
|a Includes bibliographical references (p. [175]) and index.
|
| 541 |
|
|
|a Complimentary copy from Dr. Sang Hoon Lee, Dean of Brac Business School, Brac University
|e 41197
|
| 650 |
|
|
|a Exotic options (Finance).
|9 54220
|
| 830 |
|
|
|a Wiley finance series.
|9 13601
|
| 852 |
|
|
|a Ayesha Abed Library
|c General Stacks
|
| 942 |
|
|
|2 ddc
|c BK
|
| 999 |
|
|
|c 45754
|d 45754
|
| 952 |
|
|
|0 0
|1 0
|2 ddc
|4 0
|6 332_645300000000000_WEE
|7 0
|9 73632
|a BRACUL
|b BRACUL
|c GEN
|d 2023-05-15
|e Complimentary copy from Dr. Sang Hoon Lee
|l 1
|o 332.6453 WEE
|p 3010041197
|r 2024-09-17
|s 2024-09-17
|t 1
|w 2023-05-15
|y BK
|